[Event "Barcelona Sant Marti op 04th"]
[Site "Barcelona"]
[Date "2002.05.18"]
[Round "7.47"]
[White "Vega D'Aurelio, Unai"]
[Black "Ramirez Castaneda, Andres"]
[Result "0-1"]
[WhiteElo "1705"]
[BlackElo "1700"]
[PlyCount "68"]
[EventDate "2002.04.06"]
[EventType "swiss"]
[EventRounds "9"]
[EventCountry "ESP"]
[SourceTitle "EXT 2003"]
[Source "ChessBase"]
[SourceDate "2002.11.25"]
[SourceVersion "1"]
[SourceVersionDate "2002.11.25"]
[SourceQuality "1"]

1. e4 e5 2. Nf3 d6 3. Nc3 c5 4. Bb5+ Bd7 5. Bxd7+ Qxd7 6. 0-0 Nc6 7. d3 Nd4 8. a3 Nf6 9. Nd5 Nxd5 10. exd5 0-0-0 11. b4 Kb8 12. c3 Nb5 13. c4 Nc7 14. Qd2 Na8 15. Qc2 Be7 16. Bg5 f6 17. Bd2 h6 18. b5 Nb6 19. Ba5 Qc7 20. a4 g5 21. h3 Rhg8 22. Qc3 g4 23. hxg4 Rxg4 24. Bxb6 axb6 25. a5 Rdg8 26. g3 h5 27. Qa3 bxa5 28. Rfb1 b6 29. Kh1 f5 30. d4 f4 31. gxf4 Rxf4 32. Ra2 Qc8 33. dxc5 Qh3+ 34. Nh2 Qg2# 0-1